000 00402nam a2200121Ia 4500
008 220216s9999 xx 000 0 und d
100 _aThomas Kurian
245 0 _aReprocessable ionic thermoplastic rubber based on EPDM
260 _bProceedings of the International Conference on Rubbers Calcutta, December 12-14, 1997. V1. p131-135
650 _aEPDM
650 _aThermoplastic rubber
942 _cJS
999 _c66780
_d66780